• 首页
  • 本馆介绍
  • 公告通知
  • 最新文献
  • 馆藏检索
  • 电子资源
  • 读者导购
  • 参考咨询
  • 我的图书馆
  • 登录
  • 详细信息显示
  • 放入我的书架
  • 预约/预借图书
  • 作者相关作品
  • 分类相关作品
  • 丛书相关作品
  • 出版社相关作品

书目信息

  • 表格格式
  • 工作单格式
  • 卡片格式
题名:
香水指南
    
 
作者: 图林 , 桑切茨 著 ;万之逸 译
分册:  
出版信息: 海口   南海出版公司  2013.05
页数: 466页
开本: 24cm
丛书名:
单 册:
中图分类: TQ658.1
科图分类:
主题词: 香水--介绍--世界 , 香水
电子资源:
ISBN: 978-7-5442-6445-7
000 01058nam0 2200301 450
001 012013065912
005 20140609164212.21
009 012013065912
010    @a978-7-5442-6445-7@b精装@dCNY49.80
100    @a20130606d2013 em y0chiy0110 ea
101 1  @achi@cita@ceng
102    @aCN@b460000
105    @aa z 000yy
106    @ar
200 1  @a香水指南@9xiang shui zhi nan@dPerfumes@f(意)卢卡·图林(Luca Turin),(美)塔妮娅·桑切茨(Tania Sanchez)著@g万之逸译@zeng
210    @a海口@c南海出版公司@d2013.05
215    @a466页@c图@d24cm
330    @a本书分为女士香水、男士香水、化学与艺术、香水常见问题解答四部分,具体内容包括:美女与蜜蜂;经典与浪漫;优雅男香,闻起来像什么;香水简史等。
333    @a香水研究人员
510 1  @aPerfumes@zeng
606 0  @a香水@x介绍@y世界
606 0  @a香水
690    @aTQ658.1@v5
701  0 @c(意)@a图林@9tu lin@c(Turin, Luca)@4著
701  0 @c(美)@a桑切茨@9sang qie ci@c(Sanchez, Tania)@4著
702  0 @a万之逸@9wan zhi yi@4译
801  0 @aCN@b人天书店@c20130606
905    @b847201-04@dTQ658.1@e43@f4
    
    香水指南=Perfumes/(意)卢卡·图林(Luca Turin),(美)塔妮娅·桑切茨(Tania Sanchez)著/万之逸译.-海口:南海出版公司,2013.05
    466页:图;24cm
    使用对象:香水研究人员
    
    ISBN 978-7-5442-6445-7(精装):CNY49.80
    本书分为女士香水、男士香水、化学与艺术、香水常见问题解答四部分,具体内容包括:美女与蜜蜂;经典与浪漫;优雅男香,闻起来像什么;香水简史等。
●
相关链接 在E读中查询图书 在五车中查询图书 在当当中查询图书 在豆瓣中查询图书


正题名:香水指南     索取号:TQ658.1/43         预约/预借

序号 登录号 条形码 馆藏地/架位号 状态 备注
1 847201   208472017   第二样本阅览室/ [索取号:TQ658.1/43] 在馆    
2 847202   208472026   密集书库-化学系/ [索取号:TQ658.1/43] 在馆    
3 847203   208472035   第三借阅区/ [索取号:TQ658.1/43] 在馆    
4 847204   208472044   第三借阅区/ [索取号:TQ658.1/43] 在馆    
唐山师范学院图书馆 欢迎您!
大连网信软件有限公司© 版权所有